00606nam a22001457a 4500003000400000005001700004008004100021040001400062100002300076245014200099260001000241300003000251500014700281504003200428OSt20171010095440.0120608t xxu||||| |||| 00| 0 eng d aMMSUcULS aAgonoy, Abegel F.  aEvaluation of the communication campaign and social mobilization program (2nd phase) in Magnuang, Batac, Ilocos Norte cAbegel F. Agonoy  c2007  axvii, 90 leaves c28 cm.  aThesis (BS Development Communication) -- Mariano Marcos State University-College of Agriculture, Food and Sustainable Development, Batac City  aBibliography: leaves 66-68